[Event "Gibraltar Masters 6th"]
[Site "Gibraltar"]
[Date "2008.01.25"]
[Round "4"]
[White "Strand, Haakon"]
[Black "Navarro Torres, Pedro Manuel"]
[Result "0-1"]
[WhiteElo "2045"]
[BlackElo "2210"]
[PlyCount "78"]
[EventDate "2008.01.22"]
[EventType "swiss"]
[EventRounds "10"]
[EventCountry "ENG"]
[SourceTitle "CBM 122 Extra"]
[Source "ChessBase"]
[SourceDate "2008.03.04"]
[SourceVersion "1"]
[SourceVersionDate "2008.03.04"]
[SourceQuality "1"]

1. e4 e5 2. Nf3 d6 3. d4 exd4 4. Nxd4 Nf6 5. Nc3 Be7 6. Bc4 0-0 7. Bb3 c5 8. Nde2 Nc6 9. 0-0 Rb8 10. Bf4 b5 11. Bd5 Ne5 12. b3 b4 13. Na4 Ba6 14. c4 bxc3 15. Naxc3 Nd3 16. Bg3 Nh5 17. Qd2 Bf6 18. Bc4 Bxc4 19. bxc4 Nxg3 20. hxg3 Nb2 21. Qd5 Qa5 22. Rac1 Rfd8 23. Qf5 Nd3 24. Rcd1 Bxc3 25. Rxd3 g6 26. Qd5 Bg7 27. Rd2 Re8 28. f4 Rxe4 29. f5 Rf8 30. f6 Bh6 31. Nf4 Rfe8 32. Qxd6 Qc3 33. Rd3 Qxc4 34. Nd5 Kh8 35. Ne7 Rd4 36. Qc6 Red8 37. Rdf3 Rd2 38. Kh2 Qxa2 39. Rc3 Rf2 0-1

[Event "Gibraltar Challengers"]
[Site "Gibraltar"]
[Date "2008.01.24"]
[Round "3"]
[White "Strand, Haakon"]
[Black "Pendlebury, Ian G"]
[Result "1-0"]
[WhiteElo "2045"]
[BlackElo "1952"]
[PlyCount "69"]
[EventDate "2008.01.22"]
[EventType "swiss"]
[EventRounds "5"]
[EventCountry "ENG"]
[SourceTitle "CBM 122 Extra"]
[Source "ChessBase"]
[SourceDate "2008.03.04"]
[SourceVersion "1"]
[SourceVersionDate "2008.03.04"]
[SourceQuality "1"]

1. e4 c6 2. d4 d5 3. exd5 cxd5 4. c4 e6 5. Nc3 Nf6 6. Nf3 Be7 7. cxd5 Nxd5 8. Bd3 0-0 9. 0-0 Nd7 10. Re1 N7f6 11. Ne5 Bd7 12. Bg5 Rc8 13. Rc1 Bc6 14. Bb1 Nb6 15. Qd3 g6 16. h4 Nbd7 17. Bh6 Re8 18. Qh3 Nxe5 19. dxe5 Nd5 20. Ne4 Rc7 21. h5 Bf8 22. Bxf8 Kxf8 23. Rcd1 Kg7 24. Nf6 Rh8 25. Qh4 Qe7 26. h6+ Kf8 27. Be4 Nxf6 28. Qxf6 Qxf6 29. exf6 Ke8 30. Bxc6+ bxc6 31. Rd6 g5 32. Red1 Rc8 33. Rd7 Rg8 34. Re7+ Kf8 35. Rdd7 1-0

[Event "Gausdal Classics Elo op"]
[Site "Gausdal"]
[Date "2007.04.26"]
[Round "9"]
[White "Bjorgvik, Jan Arne"]
[Black "Strand, Haakon"]
[Result "0-1"]
[WhiteElo "1640"]
[BlackElo "1861"]
[PlyCount "50"]
[EventDate "2007.04.18"]
[EventType "swiss"]
[EventRounds "9"]
[EventCountry "NOR"]
[SourceTitle "EXT 2008"]
[Source "ChessBase"]
[SourceDate "2007.11.25"]
[SourceVersion "1"]
[SourceVersionDate "2007.11.25"]
[SourceQuality "1"]

1. e4 e5 2. Nf3 Nc6 3. Bc4 Nf6 4. Nc3 Nxe4 5. Nxe4 d5 6. Bd3 dxe4 7. Bxe4 Bd6 8. Bxc6+ bxc6 9. h3 0-0 10. d3 Ba6 11. b3 e4 12. dxe4 Qe7 13. c4 Bb4+ 14. Kf1 Bc3 15. Rb1 Qxe4 16. Be3 Rfd8 17. Qc1 Rd7 18. Kg1 Rad8 19. Kh2 Rd3 20. Qa3 Be5+ 21. Nxe5 Qxe5+ 22. g3 Rxe3 23. Qxa6 Rxg3 24. Rhf1 Rg6+ 25. Kh1 Qe4+ 0-1

[Event "Gausdal Classics Elo op"]
[Site "Gausdal"]
[Date "2007.04.25"]
[Round "8"]
[White "Strand, Haakon"]
[Black "Olsson, Lars"]
[Result "0-1"]
[WhiteElo "1861"]
[BlackElo "2032"]
[PlyCount "138"]
[EventDate "2007.04.18"]
[EventType "swiss"]
[EventRounds "9"]
[EventCountry "NOR"]
[SourceTitle "EXT 2008"]
[Source "ChessBase"]
[SourceDate "2007.11.25"]
[SourceVersion "1"]
[SourceVersionDate "2007.11.25"]
[SourceQuality "1"]

1. e4 c5 2. Nf3 e6 3. d4 cxd4 4. Nxd4 Nf6 5. Nc3 h5 6. Ndb5 d6 7. Bf4 e5 8. Bg5 a6 9. Na3 b5 10. Nd5 Bb7 11. Bxf6 gxf6 12. c3 Nd7 13. Nc2 f5 14. exf5 Nf6 15. Nce3 Rc8 16. Qb3 Nxd5 17. Nxd5 Bh6 18. Rd1 Rc5 19. a4 Bxd5 20. Rxd5 Qh4 21. Rxd6 Qe4+ 22. Be2 Bg5 23. Qd1 Be7 24. Qd3 Qxg2 25. Bf3 Qg5 26. Rxa6 0-0 27. Qe3 Qxe3+ 28. fxe3 e4 29. Rg1+ Kh7 30. Bxe4 Re5 31. Bd3 Bh4+ 32. Ke2 bxa4 33. Rxa4 Bd8 34. Rb4 Rfe8 35. Rg3 Kh6 36. Rb8 Bc7 37. Rxe8 Rxe8 38. Rg2 Be5 39. Kd1 h4 40. Rg4 Rd8 41. Kc2 Bf6 42. Bc4 Rd7 43. e4 Ra7 44. Rg2 Be5 45. Rg4 Bf6 46. Kb1 Rc7 47. Bd5 Kh5 48. h3 Be5 49. c4 f6 50. c5 Rxc5 51. Bf7+ Kh6 52. Rxh4+ Kg7 53. Bd5 Rb5 54. Rg4+ Kf8 55. b3 Ra5 56. Rg8+ Ke7 57. h4 Ra1+ 58. Kc2 Rh1 59. Rh8 Kd6 60. h5 Kc5 61. h6 Rh2+ 62. Kd3 Rh3+ 63. Ke2 Kd4 64. h7 Rh2+ 65. Kf3 Rh3+ 66. Kg4 Rh1 67. b4 Ke3 68. Bf7 Kf2 69. Be8 Bg3 0-1

[Event "Gausdal Classics Elo op"]
[Site "Gausdal"]
[Date "2007.04.23"]
[Round "6"]
[White "Strand, Haakon"]
[Black "Kverndal, Leif"]
[Result "1-0"]
[WhiteElo "1861"]
[BlackElo "1805"]
[PlyCount "39"]
[EventDate "2007.04.18"]
[EventType "swiss"]
[EventRounds "9"]
[EventCountry "NOR"]
[SourceTitle "EXT 2008"]
[Source "ChessBase"]
[SourceDate "2007.11.25"]
[SourceVersion "1"]
[SourceVersionDate "2007.11.25"]
[SourceQuality "1"]

1. e4 c5 2. a3 g6 3. d4 cxd4 4. c3 dxc3 5. Nxc3 Bg7 6. Bc4 Nc6 7. Nf3 Ne5 8. Nxe5 Bxe5 9. Bxf7+ Kxf7 10. Qd5+ e6 11. Qxe5 Qf6 12. Qg3 h5 13. h4 a6 14. Bf4 Rh7 15. Be5 Qd8 16. Bc7 Qe8 17. Qf4+ Ke7 18. Bd6+ Kd8 19. Qg5+ Ne7 20. Qa5+ 1-0